00322nam a2200121Ia 4500008004100000041000800041082001200049100002500061245002600086260004500112300003200157365001100189240624s9999 xx 000 0 und d aeng a200 RAT aRATHORE AAKASH SINGH aBUDDHA AND HIS DHAMMA c2011aNew DelhibOxford University Press axxxi, : 325 : p. : cm. ; 23 cRSb25